000 00622nam a2200205Ia 4500
003 GCL
008 140319s9999 xx 000 0 ara d
040 _aGCL /
_cGCL
082 0 4 _a811.948
_bا د
100 1 _aسعدى يوسف
245 1 0 _aديوان الامير وحكاية فاطمة /
_cسعدى يوسف
700 1 _aاكلف، غونار
300 _a97 ص ؛
_c24 سم
650 0 4 _aالادب
650 0 4 _aالشعر الصوفى
650 0 4 _aالشعر - دواوين و قصائد
650 0 4 _aالشعر السويدى
650 0 4 _aالشعر السويدى المترجم
942 _2ddc
_cBK
999 _c50652
_d50652